000 00452 a2200157 4500
999 _c12840
_d12840
003 OSt
005 20240729170404.0
008 240729b ||||| |||| 00| 0 eng d
020 _a9781786274120
082 _a741.6
100 _aSteven Heller and Gail Anderson
245 _aThe Logo Design Idea Book: (Logo Beginners Guide, Logo Design Basics, Visual Branding Book)
260 _b Laurence King Publishing
_c2019
300 _a128p;
942 _2ddc